La muñeca de Catalina (Registro nro. 59593)

Detalles MARC
000 -CABECERA
Longitud fija campo de control 01058nam a2200337 4500
003 - • IDENTIFICADOR DELl NÚMERO DE CONTROL
Identificador del número de control CO-BoRNBP
005 - • FECHA Y HORA DE LA ÚLTIMA TRANSACCIÓN
Fecha y hora de la última transacción 20251023153718.0
007 - • CAMPO FIJO DE DESCRIPCIÓN FÍSICA
Campo fijo de descripción física ta
008 - • CÓDIGOS DE INFORMACIÓN DE LONGITUD FIJA
Códigos de información de longitud fija 851014s1984 sp a 000 spa
017 ## - NÚMERO DE COPYRIGHT O DE DEPÓSITO LEGAL
Número de copyright o de depósito legal M 37974-1984
Agencia que asigna el número Oficina Depósito Legal Madrid
020 ## - • NÚMERO INTERNACIONAL NORMALIZADO PARA LIBROS
Número Internacional Normalizado para Libros (ISBN) 8437218322
040 ## - FUENTE DE LA CATALOGACIÓN
Centro catalogador de origen IBH
Lengua de catalogación spa
Centro transcriptor SpMaBN
Normas de descripción rdc
041 1# - • CÓDIGO DE LENGUA
Código de lengua del texto/banda sonora o título independiente spa
080 ## - NÚMERO DE LA CLASIFICACIÓN DECIMAL UNIVERSAL
Número de la Clasificación Decimal Universal 087.5:820-34"19"
100 1# - • PUNTO DE ACCESO PRINCIPAL-NOMBRE DE PERSONA
Nombre de persona Winthrop, Elizabeth
240 13 - • TÍTULO UNIFORME
Título uniforme <a href="La muñeca de Catalina">La muñeca de Catalina</a>
245 13 - • TITULO PROPIAMENTE DICHO
Título La muñeca de Catalina
Medio [Texto impreso]
Mención de responsabilidad, etc. texto de Elizabeth Winthrop ; ilustraciones de Marylin Hafner ; traducción de Juan R. Azaola
250 ## - • MENCI&Oacute;N DE EDICI&Oacute;N
Mención de edición 1a. edición
300 ## - • DESCRIPCI&Oacute;N F&Iacute;SICA
Extensión [32] p.
Otras características físicas il. col.
Dimensiones 18 cm
336 ## - TIPO DE CONTENIDO
Fuente rdacontent
Término de tipo de contenido texto
Código de tipo de contenido txt
337 ## - TIPO DE MEDIO
Fuente rdamedia
Nombre del tipo de medio sin mediación
Código del tipo de medio n
338 ## - TIPO DE SOPORTE
Fuente rdacarrier
Nombre del tipo de soporte volumen
Código del tipo de soporte nc
490 0# - • MENCI&Oacute;N DE SERIE
Mención de serie Colección Altea benjamín
Designación de volumen o secuencia 88
650 ## - • PUNTO DE ACCESO ADICIONAL DE MATERIA - T&Eacute;RMINO DE MATERIA
Fuente del encabezamiento o término LEMB
700 1# - • PUNTO DE ACCESO ADICIONAL - NOMBRE DE PERSONA
Nombre de persona Hafner, Marylin
942 ## - ENTRADA DE ELEMENTOS AGREGADOS (KOHA)
Fuente de clasificaión o esquema Dewey Decimal Classification
Koha [por defecto] tipo de item LIbro
956 ## - LOCALIZACI&Oacute;N Y ACCESO ELECTR&Oacute;NICO LOCAL (OCLC)
Nombre de la fuente 2
980 ## - EQUIVALENCIA O SECCI&Oacute;N-REFERENCIA-INFORME SERIES--NOMBRE &#47; T&Iacute;TULO DE PERSONA [LOCAL, CANADA]
Nombre personal SpMaBN
Numeración BNALCALA
Atributo cualificador DL/262616
T&íacute;tulos u otras palabras asociadas a nombre CONSERVACI
980 ## - EQUIVALENCIA O SECCI&Oacute;N-REFERENCIA-INFORME SERIES--NOMBRE &#47; T&Iacute;TULO DE PERSONA [LOCAL, CANADA]
Nombre personal SpMaBN
Numeración BNALCALA
Atributo cualificador J2C/322/6
T&íacute;tulos u otras palabras asociadas a nombre SG_PETANTI
Existencias
Perdido Fuente de clasificaci&oacute;n o esquema Estado Físico No para pr&eacute;stamo Forma de adquisición Localizaci&oacute;n permanente Localizaci&oacute;n actual Localización en estanterías Fecha adquisici&oacute;n Pr&eacute;stamos totales Signatura completa C&oacute;digo de barras Fecha &uacute;ltima consulta N&uacute;mero de copia Fecha del precio de reemplazo Tipo de item de Koha
  Clasificación Local Facetada     Infantil Biblioteca Pública Fuentedeoro - Henry Llanos García Biblioteca Pública Fuentedeoro - Henry Llanos García Sala Infantil 10/23/2025   C WIN1 Fo02942 10/23/2025 Ej.1 10/23/2025 Libro Literatura









Instituto Departamental de Cultura del Meta - Red Departamental de Bibliotecas Públicas del Meta.